| 000 | 01241nam a2200373 a 4500 | ||
|---|---|---|---|
| 001 | 714647 | ||
| 003 | OSt | ||
| 005 | 20180116183054.0 | ||
| 008 | 970129s1996 si a b 000 0 eng d | ||
| 010 | _a 97126838 | ||
| 020 | _a0137133073 | ||
| 020 | _a0132679159 (pbk.) | ||
| 035 | _a(OCoLC)36288812 | ||
| 040 |
_aIDeKN _cIDeKN _dDLC |
||
| 042 | _alccopycat | ||
| 043 | _aa-ph--- | ||
| 050 | 0 | 0 |
_aHC455 _b.B79 1996 |
| 082 | _a332.67309599 BUS 1996 | ||
| 100 | _aBusiness | ||
| 245 | 0 | 0 |
_aBusiness opportunities in the Philippines / _cedited by Tan Teck Meng ... [et al.]. |
| 260 |
_aSingapore ; _aNew York : _bPrentice Hall, _c1996. |
||
| 300 |
_axvi, 286 p. : _bill. ; HP. _c23 cm. |
||
| 440 | 0 | _aNanyang business report series | |
| 500 | _a"Nanyang Technological University, Singapore." | ||
| 504 | _aIncludes bibliographical references. | ||
| 650 | 0 |
_aInvestments, Foreign _zPhilippines. |
|
| 651 | 0 |
_aPhilippines _xEconomic conditions _y1986- |
|
| 651 | 0 |
_aPhilippines _xEconomic policy. |
|
| 700 | 1 | _aTan, Teck Meng. | |
| 710 | 2 | _aNanyang Technological University. | |
| 906 |
_a7 _bcbc _ccopycat _d2 _encip _f19 _gy-gencatlg |
||
| 942 |
_2ddc _cBK |
||
| 999 |
_c351767 _d351767 |
||